000 00405nam a2200145 i 4500
001 bg
100 1 _aENGELS, Fryderyk
245 0 _aPochodzenie rodziny, własności prywatnej i państwa :
_bw związku z badaniami Lewisa H. Morgana /
_cFryderyk Engels.
260 _aWarszawa,
_c1969.
040 _cBPK
041 _apol
080 _a141.82
942 _cKS
008 s pl f |000 0 pol
999 _c10333
_d10333
856 _uhttp://koha.tu.koszalin.pl/cgi-bin/koha/opac-detail.pl?biblionumber=10333
_yKatalog online BPK